[Event "Yuzhny op"]
[Site "Yuzhny"]
[Date "2011.09.08"]
[Round "9"]
[White "Daryev, Sergey"]
[Black "Yavorovsky, Valeriy"]
[Result "0-1"]
[WhiteElo "1992"]
[BlackElo "2263"]
[PlyCount "150"]
[EventDate "2011.09.03"]
[EventType "swiss"]
[EventRounds "9"]
[EventCountry "UKR"]
[SourceTitle "CBM 144 Extra"]
[Source "ChessBase"]
[SourceDate "2011.10.28"]
[SourceVersion "1"]
[SourceVersionDate "2011.10.28"]
[SourceQuality "1"]

1. e4 e6 2. d4 d5 3. e5 c5 4. c3 Nc6 5. Nf3 Bd7 6. a3 c4 7. Nbd2 Na5 8. Be2 Bc6 9. 0-0 Qd7 10. Ng5 h6 11. Nh3 Ba4 12. Qe1 Bc2 13. f3 Ne7 14. Bd1 Qa4 15. Bxc2 Qxc2 16. Rf2 Qa4 17. Rb1 Rc8 18. g4 Nec6 19. Nf1 Be7 20. Rg2 Kd7 21. Be3 Nb3 22. Nf4 Qa5 23. Nd2 Nxd2 24. Rxd2 Qd8 25. Ng2 Na5 26. Qg3 Qg8 27. f4 Qh7 28. Rf1 h5 29. gxh5 Qf5 30. Bf2 Rxh5 31. Ne3 Qh7 32. Qg2 Nb3 33. Rdd1 Rh8 34. Bg3 Ke8 35. Rf3 Bh4 36. Nf1 Bxg3 37. Rxg3 g6 38. Re1 Qh6 39. Rg4 Rh4 40. Rxh4 Qxh4 41. Qg3 Qh3 42. Qxh3 Rxh3 43. Re3 Rh4 44. Rf3 Nc1 45. Kf2 Rg4 46. h3 Rh4 47. Kg3 Rh8 48. Re3 Nb3 49. Re1 Kd7 50. Rd1 Rc8 51. Ne3 Na5 52. Ng4 Nc6 53. Rb1 Ne7 54. Ne3 Rc6 55. Kg4 Rb6 56. h4 Nc8 57. h5 gxh5+ 58. Kxh5 Rb3 59. f5 Nb6 60. f6 Na4 61. Nd1 b5 62. Kh6 Ke8 63. Kg7 a5 64. Ne3 Nxc3 65. Rh1 Ne4 66. Rh8+ Kd7 67. Nf1 Rxb2 68. Kxf7 c3 69. Ne3 Re2 70. Ra8 Rxe3 71. Ra7+ Kc8 72. Kxe6 c2 73. f7 Ng5+ 74. Kxd5 Nxf7 75. Rxf7 c1Q 0-1

[Event "Yuzhny op"]
[Site "Yuzhny"]
[Date "2011.09.05"]
[Round "5"]
[White "Daryev, Sergey"]
[Black "Drobot, Sergey"]
[Result "1-0"]
[WhiteElo "1992"]
[BlackElo "1898"]
[PlyCount "72"]
[EventDate "2011.09.03"]
[EventType "swiss"]
[EventRounds "9"]
[EventCountry "UKR"]
[SourceTitle "CBM 144 Extra"]
[Source "ChessBase"]
[SourceDate "2011.10.28"]
[SourceVersion "1"]
[SourceVersionDate "2011.10.28"]
[SourceQuality "1"]

1. e4 c5 2. Nf3 d6 3. d4 cxd4 4. Nxd4 Nf6 5. Nc3 g6 6. Be3 Bg7 7. f3 0-0 8. Bc4 Bd7 9. Qd2 Nc6 10. Bb3 a6 11. 0-0-0 Rc8 12. g4 Ne5 13. Kb1 Nc4 14. Bxc4 Rxc4 15. Nde2 Qa5 16. Nd5 Qd8 17. Bb6 Qe8 18. Ne3 Rc6 19. Bd4 Be6 20. g5 Nd7 21. Bxg7 Kxg7 22. h4 f6 23. Nd4 Nc5 24. Nxc6 Qxc6 25. Nd5 Bxd5 26. exd5 Qa4 27. h5 Rg8 28. hxg6 hxg6 29. Rde1 Qd7 30. Qd4 Kf7 31. b4 Na4 32. Re6 Qb5 33. gxf6 Qxd5 34. Rxe7+ Kf8 35. Rhh7 Nc3+ 36. Qxc3 Qd1+ 1-0

[Event "Yuzhny op"]
[Site "Yuzhny"]
[Date "2011.09.05"]
[Round "4"]
[White "Plaksin, Valeriy"]
[Black "Daryev, Sergey"]
[Result "1-0"]
[WhiteElo "2189"]
[BlackElo "1992"]
[PlyCount "75"]
[EventDate "2011.09.03"]
[EventType "swiss"]
[EventRounds "9"]
[EventCountry "UKR"]
[SourceTitle "CBM 144 Extra"]
[Source "ChessBase"]
[SourceDate "2011.10.28"]
[SourceVersion "1"]
[SourceVersionDate "2011.10.28"]
[SourceQuality "1"]

1. d4 Nf6 2. c4 c5 3. d5 e6 4. Nc3 exd5 5. cxd5 d6 6. e4 g6 7. Be2 Bg7 8. Nf3 0-0 9. 0-0 Re8 10. Nd2 a6 11. a4 b6 12. f4 Ra7 13. Bf3 Qd7 14. Nc4 b5 15. axb5 Qd8 16. e5 dxe5 17. fxe5 Nfd7 18. e6 Nf8 19. Bf4 Bxe6 20. dxe6 Bd4+ 21. Kh1 Nxe6 22. Bg3 Rd7 23. Bc6 Nxc6 24. bxc6 Ra7 25. Qf3 f5 26. Nd6 Ree7 27. Qd5 Kh8 28. Be5+ Bxe5 29. Qxe5+ Ng7 30. Qxc5 Rac7 31. Rfe1 Ne6 32. Qe5+ Ng7 33. Qd5 Qf8 34. Rad1 h5 35. Nc4 Kh7 36. Ne5 Qe8 37. Qd6 Ne6 38. Nd5 1-0

[Event "Geller Memorial op-A 6th"]
[Site "Odessa"]
[Date "2010.08.24"]
[Round "4"]
[White "Daryev, Sergey"]
[Black "Zakharchenko, Arnold"]
[Result "0-1"]
[WhiteElo "2028"]
[BlackElo "2224"]
[PlyCount "100"]
[EventDate "2010.08.21"]
[EventType "swiss"]
[EventRounds "9"]
[EventCountry "UKR"]
[SourceTitle "CBM 138 Extra"]
[Source "ChessBase"]
[SourceDate "2010.10.29"]
[SourceVersion "1"]
[SourceVersionDate "2010.10.29"]
[SourceQuality "1"]

1. d4 Nf6 2. c4 g6 3. Nf3 Bg7 4. Nc3 d5 5. Bg5 dxc4 6. e4 c6 7. Bxf6 Bxf6 8. e5 Bg7 9. Bxc4 0-0 10. 0-0 Bg4 11. Be2 Na6 12. h3 Bxf3 13. Bxf3 e6 14. Qb3 Qb6 15. Qxb6 axb6 16. Na4 Rad8 17. Rfd1 b5 18. Nc3 Rd7 19. Ne2 Rfd8 20. Re1 c5 21. dxc5 Nb4 22. Be4 Bxe5 23. a3 Nd3 24. Bxd3 Rxd3 25. Nc1 Rd1 26. Nb3 Rxa1 27. Rxa1 Bxb2 28. Ra2 Be5 29. g3 Ra8 30. Kg2 Ra4 31. Nc1 Bd4 32. Nb3 Bf6 33. Nc1 Be7 34. Rb2 Ra5 35. Rb1 Kf8 36. Kf1 Ke8 37. Ke2 Kd7 38. Nd3 Kc6 39. Rc1 Rxa3 40. Ne5+ Kd5 41. Nxf7 Bxc5 42. Rd1+ Bd4 43. Ng5 Ra2+ 44. Ke1 e5 45. Nxh7 Kc6 46. Rc1+ Kb6 47. f4 e4 48. Nf8 b4 49. Nxg6 Bc3+ 50. Kf1 e3 0-1

[Event "Geller Memorial op-A 6th"]
[Site "Odessa"]
[Date "2010.08.23"]
[Round "3"]
[White "Chernetskiy, Mykola"]
[Black "Daryev, Sergey"]
[Result "0-1"]
[WhiteElo "2402"]
[BlackElo "2028"]
[PlyCount "116"]
[EventDate "2010.08.21"]
[EventType "swiss"]
[EventRounds "9"]
[EventCountry "UKR"]
[SourceTitle "CBM 138 Extra"]
[Source "ChessBase"]
[SourceDate "2010.10.29"]
[SourceVersion "1"]
[SourceVersionDate "2010.10.29"]
[SourceQuality "1"]

1. Nf3 c5 2. b3 Nf6 3. Bb2 e6 4. e3 b6 5. d4 Bb7 6. Bd3 Nc6 7. 0-0 cxd4 8. exd4 Nb4 9. Be2 Qc7 10. c4 Be4 11. Nc3 Bc2 12. Qd2 Ne4 13. Nxe4 Bxe4 14. Ng5 Bb7 15. a3 Bd6 16. g3 Nc6 17. f4 h6 18. Nf3 Na5 19. Qc3 g5 20. Ne5 gxf4 21. Rxf4 Bxe5 22. dxe5 Qc6 23. Bf3 Qc5+ 24. Kg2 Bxf3+ 25. Qxf3 Qc6 26. Qxc6 Nxc6 27. Raf1 Rh7 28. Kf3 Ne7 29. Ke4 Ng6 30. R4f2 Rc8 31. Rc1 h5 32. h3 Ne7 33. Rfc2 Rg7 34. Kf4 Kd8 35. Bd4 Kc7 36. a4 Rcg8 37. Bf2 Rg5 38. a5 bxa5 39. Be1 Rf5+ 40. Ke4 Nc6 41. Bc3 Rb8 42. Ra2 Rxb3 43. Bxa5+ Kc8 44. Bc3 Kb7 45. Rd2 Kc7 46. Rd3 Kc8 47. Rcd1 Ra3 48. Bb2 Rxd3 49. Rxd3 Rf2 50. Bc3 a5 51. Re3 a4 52. Bd4 Rc2 53. Rc3 Nxd4 54. Kxd4 Rxc3 55. Kxc3 d6 56. exd6 Kd7 57. c5 f5 58. Kb4 Kc6 0-1

[Event "Geller Memorial op-A 6th"]
[Site "Odessa"]
[Date "2010.08.22"]
[Round "2"]
[White "Daryev, Sergey"]
[Black "Zabgaeva, Marina"]
[Result "1-0"]
[WhiteElo "2028"]
[BlackElo "1801"]
[PlyCount "43"]
[EventDate "2010.08.21"]
[EventType "swiss"]
[EventRounds "9"]
[EventCountry "UKR"]
[SourceTitle "CBM 138 Extra"]
[Source "ChessBase"]
[SourceDate "2010.10.29"]
[SourceVersion "1"]
[SourceVersionDate "2010.10.29"]
[SourceQuality "1"]

1. d4 d5 2. c4 dxc4 3. Nf3 Nf6 4. e3 e6 5. Bxc4 c5 6. 0-0 a6 7. a4 Nc6 8. Nc3 cxd4 9. exd4 Qc7 10. Bg5 Be7 11. Rc1 0-0 12. Qe2 h6 13. Bxf6 Bxf6 14. Ne4 Bxd4 15. Nxd4 Nxd4 16. Nf6+ Kh8 17. Qe4 Nf5 18. Bxe6 Qa5 19. b4 Qb6 20. Qxf5 g6 21. Qf4 Kg7 22. Ne8+ 1-0

[Event "Yuzhny op"]
[Site "Yuzhny"]
[Date "2008.09.21"]
[Round "2"]
[White "Aliferenko, Aleksei"]
[Black "Daryev, Sergey"]
[Result "1-0"]
[WhiteElo "2253"]
[BlackElo "2037"]
[PlyCount "151"]
[EventDate "2008.09.20"]
[EventType "swiss"]
[EventRounds "9"]
[EventCountry "UKR"]
[SourceTitle "CBM 126 Extra"]
[Source "ChessBase"]
[SourceDate "2008.11.05"]
[SourceVersion "1"]
[SourceVersionDate "2008.11.05"]
[SourceQuality "1"]

1. d4 Nf6 2. c4 e6 3. g3 d5 4. Nf3 Be7 5. Bg2 0-0 6. 0-0 c6 7. Qc2 Nbd7 8. Nbd2 b6 9. e4 Bb7 10. e5 Ne8 11. b3 g6 12. Bb2 Ng7 13. Rac1 Rc8 14. Rfd1 Nh5 15. Qd3 h6 16. Qe3 Kh7 17. Nb1 Rh8 18. Bf1 Ng7 19. cxd5 exd5 20. Bd3 Nf8 21. Ba3 Bxa3 22. Nxa3 Nge6 23. h4 h5 24. Nc2 Kg7 25. Bf1 Qe7 26. Bh3 Rd8 27. b4 Bc8 28. Kh2 Bd7 29. a3 Nh7 30. Nce1 Ra8 31. Qb3 g5 32. Bg2 g4 33. Ng1 b5 34. Ne2 Nhf8 35. f4 gxf3 36. Nxf3 Ng6 37. Rf1 a5 38. Nc3 axb4 39. axb4 Ra6 40. Ra1 Rha8 41. Rxa6 Rxa6 42. Bh3 Ngf8 43. Nd1 Ra4 44. Ne3 Qxb4 45. Nf5+ Kh8 46. Qe3 Ra2+ 47. Bg2 Qb2 48. Qh6+ Nh7 49. Rg1 Qc2 50. Qxh5 Nf4 51. Qxf7 Qxf5 52. Qxf5 Bxf5 53. gxf4 b4 54. Kg3 b3 55. Bh3 Be4 56. f5 b2 57. Nd2 Ra1 58. Kf2 Rxg1 59. Kxg1 b1Q+ 60. Nxb1 Bxb1 61. Kf2 Kg8 62. Ke3 Bc2 63. Kd2 Ba4 64. Kc3 Nf6 65. Kb4 Bb5 66. Kc5 Nd7+ 67. Kd6 Nb6 68. f6 Kf8 69. Bg4 Nc4+ 70. Kc5 Ne3 71. Bd7 Kf7 72. h5 Ng2 73. h6 Bd3 74. Bxc6 Nf4 75. Bxd5+ Kg6 76. f7 1-0

[Event "Geller Memorial op-A 4th"]
[Site "Odessa"]
[Date "2008.09.12"]
[Round "4"]
[White "Dolzhikova, Kateryna"]
[Black "Daryev, Sergey"]
[Result "1-0"]
[WhiteElo "2339"]
[BlackElo "2037"]
[PlyCount "135"]
[EventDate "2008.09.09"]
[EventType "swiss"]
[EventRounds "9"]
[EventCountry "UKR"]
[SourceTitle "CBM 126 Extra"]
[Source "ChessBase"]
[SourceDate "2008.11.05"]
[SourceVersion "1"]
[SourceVersionDate "2008.11.05"]
[SourceQuality "1"]

1. e4 c5 2. Nf3 d6 3. Bb5+ Nc6 4. 0-0 a6 5. Bxc6+ bxc6 6. e5 d5 7. d4 e6 8. c3 a5 9. Qa4 Bd7 10. dxc5 Bxc5 11. Qg4 Bf8 12. Be3 h5 13. Qh3 Be7 14. Qg3 g6 15. h4 Rb8 16. Nbd2 Nh6 17. Bxh6 Rxh6 18. Nb3 Rh8 19. Qf4 c5 20. Ng5 Bxg5 21. hxg5 Rb5 22. c4 dxc4 23. Nd2 Bc6 24. Nxc4 Rb4 25. Rfd1 Bd5 26. Nd6+ Qxd6 27. Qxb4 axb4 28. exd6 Kd7 29. a3 b3 30. Rac1 Kxd6 31. Rc3 Rb8 32. Kh2 Kc6 33. Kg3 c4 34. Kf4 Rb5 35. Rd2 Rc5 36. g4 hxg4 37. Kxg4 e5 38. f3 Be6+ 39. Kg3 Bf5 40. Kf2 Bd7 41. Rc1 Be6 42. Rdd1 Kc7 43. Rd2 Kc8 44. Rd3 e4 45. fxe4 Rxg5 46. Rxb3 Rc5 47. Rb6 Rh5 48. Ke3 Rh2 49. Kd4 Rd2+ 50. Ke5 Rh2 51. a4 Rh5+ 52. Kd4 Rh2 53. a5 Rh5 54. a6 Ra5 55. Rxc4+ Bxc4 56. Kxc4 g5 57. b4 Ra2 58. Kb5 g4 59. Rf6 Kd7 60. Rf4 g3 61. Rg4 g2 62. Kb6 Kd6 63. a7 f5 64. exf5 Ra4 65. Rxg2 Rxb4+ 66. Ka5 Rb1 67. Ra2 Kc5 68. a8Q 1-0

[Event "Ilichevsk Sunny Pawn op"]
[Site "Ilichevsk"]
[Date "2008.07.29"]
[Round "9"]
[White "Matviychuk, Andrey"]
[Black "Daryev, Sergey"]
[Result "0-1"]
[WhiteElo "2164"]
[BlackElo "2037"]
[PlyCount "94"]
[EventDate "2008.07.20"]
[EventType "swiss"]
[EventRounds "10"]
[EventCountry "UKR"]
[SourceTitle "CBM 125 Extra"]
[Source "ChessBase"]
[SourceDate "2008.09.01"]
[SourceVersion "1"]
[SourceVersionDate "2008.09.01"]
[SourceQuality "1"]

1. d4 Nf6 2. c4 g6 3. Nc3 d5 4. cxd5 Nxd5 5. e4 Nxc3 6. bxc3 Bg7 7. Nf3 c5 8. Rb1 a6 9. Be2 Qa5 10. Qd2 Nc6 11. e5 cxd4 12. cxd4 Qxd2+ 13. Bxd2 0-0 14. 0-0 Rd8 15. Be3 h6 16. Rfc1 Kh7 17. h3 e6 18. Bd1 Bf8 19. Ba4 Ne7 20. Bd2 b5 21. Ba5 Rd7 22. Bc2 Bb7 23. a4 Nc6 24. Bb6 Nb4 25. Bd1 Na2 26. Rc2 Be4 27. axb5 Bxc2 28. Bxc2 Nc3 29. Ra1 Nxb5 30. Be4 Rb8 31. Rxa6 Nc7 32. Bxc7 Rxc7 33. d5 Rb4 34. d6 Rc1+ 35. Kh2 Rxe4 36. Ra8 Bxd6 37. exd6 Rd1 38. Ra7 Kg7 39. d7 g5 40. g3 Kg6 41. Kg2 f6 42. Rb7 Re2 43. Ra7 e5 44. h4 e4 45. Ng1 Rdd2 46. hxg5 hxg5 47. Ra4 e3 0-1

[Event "Geller Memorial op-A 3rd"]
[Site "Odessa"]
[Date "2007.09.12"]
[Round "5"]
[White "Shteinberg, Boris"]
[Black "Daryev, Sergey"]
[Result "0-1"]
[WhiteElo "2289"]
[BlackElo "2039"]
[PlyCount "80"]
[EventDate "2007.09.08"]
[EventType "swiss"]
[EventRounds "9"]
[EventCountry "UKR"]
[SourceTitle "CBM 120 Extra"]
[Source "ChessBase"]
[SourceDate "2007.11.01"]
[SourceVersion "1"]
[SourceVersionDate "2007.11.01"]
[SourceQuality "1"]

1. e4 c5 2. Nf3 d6 3. Bb5+ Nd7 4. c3 Ngf6 5. Qe2 a6 6. Ba4 e5 7. d3 b5 8. Bc2 Be7 9. Nbd2 Bb7 10. Nf1 0-0 11. Ng3 Re8 12. Nf5 Bf8 13. 0-0 d5 14. Bg5 h6 15. Bd2 c4 16. dxc4 dxe4 17. Ne1 Qb6 18. Ng3 Qc6 19. cxb5 axb5 20. b3 Nc5 21. f3 exf3 22. Nxf3 Rad8 23. a4 bxa4 24. bxa4 Ba6 25. c4 e4 26. Nh4 Qe6 27. Rf5 Bxc4 28. Qe3 Nd5 29. Qe1 Be7 30. Rh5 e3 31. Bc3 Nf4 32. Re5 Qc6 33. Qxe3 Nce6 34. Qf3 Qb6+ 35. Kh1 Bxh4 36. Qe4 Bd3 37. Bxd3 Nxd3 38. Rf5 Nf2+ 39. Rxf2 Qxf2 40. Qxh4 Nf4 0-1

[Event "Geller Memorial op-A 3rd"]
[Site "Odessa"]
[Date "2007.09.09"]
[Round "2"]
[White "Daryev, Sergey"]
[Black "Chernikova, Svetlana"]
[Result "1-0"]
[WhiteElo "2039"]
[BlackElo "2204"]
[PlyCount "65"]
[EventDate "2007.09.08"]
[EventType "swiss"]
[EventRounds "9"]
[EventCountry "UKR"]
[SourceTitle "CBM 120 Extra"]
[Source "ChessBase"]
[SourceDate "2007.11.01"]
[SourceVersion "1"]
[SourceVersionDate "2007.11.01"]
[SourceQuality "1"]

1. e4 c5 2. Nf3 g6 3. d4 cxd4 4. Nxd4 Bg7 5. Nc3 Nc6 6. Nb3 Nf6 7. Be2 0-0 8. 0-0 a5 9. a4 Nb4 10. e5 Ne8 11. f4 Qb6+ 12. Kh1 d6 13. exd6 Nxd6 14. Nd5 Nxd5 15. Qxd5 Bf5 16. Bd3 Be6 17. Qc5 Qxc5 18. Nxc5 Bd5 19. Nd7 Nc4 20. Nxf8 Rxf8 21. Bxc4 Bxc4 22. Re1 Rd8 23. h3 e6 24. c3 Bb3 25. Be3 Rd3 26. Kg1 Bf6 27. Kf2 h6 28. Re2 Bc4 29. g3 Rd8 30. Rd2 Bd5 31. c4 Bxc4 32. Rxd8+ Bxd8 33. Rc1 1-0

[Event "Ilichevsk Sunny Pawn op"]
[Site "Ilichevsk"]
[Date "2007.07.30"]
[Round "10"]
[White "Daryev, Sergey"]
[Black "Shepotilo, Vladislav"]
[Result "0-1"]
[WhiteElo "2039"]
[BlackElo "2194"]
[PlyCount "92"]
[EventDate "2007.07.20"]
[EventType "swiss"]
[EventRounds "11"]
[EventCountry "UKR"]
[SourceTitle "CBM 119 Extra"]
[Source "ChessBase"]
[SourceDate "2007.09.04"]
[SourceVersion "1"]
[SourceVersionDate "2007.09.04"]
[SourceQuality "1"]

1. e4 e5 2. Nf3 Nc6 3. Bb5 f5 4. Nc3 fxe4 5. Nxe4 d5 6. Ng3 Bg4 7. h3 Bxf3 8. Qxf3 Nf6 9. d3 Bd6 10. Bg5 a6 11. Ba4 b5 12. Bb3 Nd4 13. Qd1 c6 14. Nh5 Ra7 15. c3 Ne6 16. Be3 Rf7 17. Ng3 0-0 18. Nf5 Nf4 19. g4 Kh8 20. Qd2 Ng2+ 21. Kd1 Nxe3+ 22. Qxe3 c5 23. c4 bxc4 24. dxc4 d4 25. Qg3 Bc7 26. Qg2 e4 27. Rf1 Bf4 28. Ng3 e3 29. Ne2 Qa5 30. fxe3 Bxe3 31. Ng3 g6 32. Kc2 Nxg4 33. Rxf7 Rxf7 34. Qa8+ Kg7 35. Rd1 Nf2 36. Rf1 d3+ 37. Kb1 Bd4 38. Qb8 Qd2 39. Ba4 Re7 40. Nf5+ gxf5 41. Rg1+ Ng4 42. Rd1 Re1 43. Qc7+ Kh6 44. Qd6+ Bf6 45. Qf8+ Bg7 46. Qd6+ Nf6 0-1

[Event "Ilichevsk Sunny Pawn op"]
[Site "Ilichevsk"]
[Date "2007.07.20"]
[Round "1"]
[White "Pivovartsev, Sergey"]
[Black "Daryev, Sergey"]
[Result "1-0"]
[WhiteElo "2195"]
[BlackElo "2039"]
[PlyCount "97"]
[EventDate "2007.07.20"]
[EventType "swiss"]
[EventRounds "11"]
[EventCountry "UKR"]
[SourceTitle "CBM 119 Extra"]
[Source "ChessBase"]
[SourceDate "2007.09.04"]
[SourceVersion "1"]
[SourceVersionDate "2007.09.04"]
[SourceQuality "1"]

1. e4 d6 2. d4 Nf6 3. Nc3 c6 4. Nf3 Qa5 5. Bd2 e5 6. Nd5 Qd8 7. Nxf6+ gxf6 8. Bd3 Rg8 9. Nh4 Rg4 10. g3 Rg8 11. Qh5 Rg7 12. Nf5 Bxf5 13. exf5 h6 14. 0-0-0 Qe7 15. Bxh6 Rh7 16. Bxf8 Rxh5 17. Bxe7 Kxe7 18. dxe5 dxe5 19. h4 Nd7 20. Be2 Rhh8 21. h5 Nc5 22. Bf3 a5 23. Rh4 a4 24. Rc4 Ra5 25. Kd2 Rd8+ 26. Ke3 Rxd1 27. Bxd1 Kd6 28. Rg4 Ra8 29. Rg7 Ke7 30. Be2 b5 31. Bf3 e4 32. Be2 a3 33. b3 Kf8 34. h6 Nd7 35. Rg4 Ne5 36. Rxe4 Kg8 37. f4 Nd7 38. b4 Nb6 39. g4 Kh7 40. c4 Ra4 41. g5 Rxb4 42. Re7 bxc4 43. g6+ Kxh6 44. Rxf7 Nd5+ 45. Kf3 Nxf4 46. Kxf4 c3+ 47. Kg3 Kg5 48. g7 c2 49. g8Q+ 1-0

[Event "Rodatychi op"]
[Site "Rodatychi"]
[Date "2006.08.27"]
[Round "1"]
[White "Daryev, Sergey"]
[Black "Vovk, Andrey"]
[Result "0-1"]
[WhiteElo "2045"]
[BlackElo "2388"]
[PlyCount "118"]
[EventDate "2006.08.27"]
[EventType "swiss"]
[EventRounds "9"]
[EventCountry "UKR"]
[SourceTitle "EXT 2008"]
[Source "ChessBase"]
[SourceDate "2007.11.25"]
[SourceVersion "1"]
[SourceVersionDate "2007.11.25"]
[SourceQuality "1"]

1. e4 c5 2. Nf3 e6 3. Be2 a6 4. 0-0 Nc6 5. d3 Qc7 6. Nbd2 Nf6 7. a4 Be7 8. Re1 Rb8 9. Nc4 b5 10. axb5 axb5 11. Ne3 0-0 12. g3 Bb7 13. Ng2 d5 14. exd5 Nxd5 15. c4 bxc4 16. dxc4 Ndb4 17. Bf4 e5 18. Bd2 Rfd8 19. Qb1 Nd4 20. Nxd4 cxd4 21. Qf5 g6 22. Qb1 d3 23. Bf1 Qxc4 24. Ne3 Qb5 25. Bc3 f6 26. Qd1 Kg7 27. Qg4 h5 28. Qe6 Qd7 29. Qxd7 Rxd7 30. Bh3 Rdd8 31. Red1 Kf7 32. Bg2 Bc5 33. Bxb4 Bxb4 34. Ra7 Rd7 35. Bxb7 Rbxb7 36. Rxb7 Rxb7 37. Rxd3 Bc5 38. b3 f5 39. Kf1 e4 40. Rc3 Bd4 41. Nc4 Ke6 42. Rc2 Rxb3 43. h3 Rf3 44. Re2 Kd5 45. Nd2 Rd3 46. Kg2 Bc3 47. Nf1 Kd4 48. Ra2 Ke5 49. Ra6 Rd6 50. Rxd6 Kxd6 51. f3 Bd4 52. fxe4 fxe4 53. h4 Kd5 54. g4 hxg4 55. Kg3 e3 56. Nxe3+ Bxe3 57. Kxg4 Ke6 58. h5 g5 59. h6 Kf6 0-1